Módna návrhárka Monika Tušanová rada šokuje provokuje a neupiera sa na jeden štýl Farby treba vedieť udržať na uzde

Bibliographic Details
Main Author: Makarová, Soňa (Author)
Corporate Author: Richtex, Košice (firma) (Author)
Format: Article
Language:Slovak
PhysicalDescription:2 foto
Subjects:

MARC

LEADER 00000nab a2200000 a 4500
001 vtls000897836
003 SK-MaSNL
005 20260303202447.0
008 040720e19970620xo 0 slo
035 |a KE6859 
040 |a KEVKJB  |b slo  |c KEVKJB  |e AACR2 
041 0 |a slo 
044 |a xo  |c SK 
080 |a 391  |2 1981 
080 |a 687  |2 1981 
080 |a 929  |2 1981 
100 1 |a Makarová, Soňa  |4 aut  |9 429760 
245 1 0 |a Módna návrhárka Monika Tušanová rada šokuje provokuje a neupiera sa na jeden štýl  |b Farby treba vedieť udržať na uzde 
300 |b 2 foto 
590 |a Tušanová, Monika  |b módna návrhárka 
600 1 7 |a Tušanová, Monika  |2 KEVKJB  |9 294454 
610 2 7 |a Richtex, Košice (firma)  |2 KEVKJB  |9 887296 
650 0 7 |a odevy  |2 KEVKJB  |9 27026 
650 0 7 |a módne návrhárstvo  |2 KEVKJB  |9 86030 
651 7 |a Košice (Slovensko)  |2 KEVKJB  |9 18694 
655 7 |a periodikum  |2 snkbucl  |9 29553 
710 2 |a Richtex, Košice (firma)  |4 aut  |9 887296 
773 0 8 |t Korzo  |g Roč. 4, č.141, 20.6.1997, s. 16 
852 |a ZVYKNI  |b KIS3GCP 
999 |c 2179734  |d 2181664